01455nkc a2200277za 450000100060000000300040000600500170001000700070002700800410003404000240007524500780009926000130017730000580019050000780024850000560032650001660038250401770054861000510072565100270077665500400080385200110084385601490085494200250100395201320102899900170116084158OSt20260303115659.0kh bo 250314s1906 sp ||||| |||| 00| i|spa d cM-RABAaM-RABAbspa01a[Monasterio de Santa María de Zamarceb: Portada]h[Material gráfico] cca. 1906 a1 Fotografía :bGelatina de plata ;c22,5 x 15,5 cm aImagen de la portada del Monasterio de Santa María de Zamarce (Navarra) aAl verso, ms. a tinta: “2º Pórtico Zamarce”. aEstaban incluidas en un sobre con membrete del Boletín de la Sociedad Española de Excursiones, con anotaciones mss. a lápiz: “Románico – Portadas”. aIdentificada en: B.S.E.E, 1906, tomo XIV, 1ª lám. del artículo de E. Serrano Fatigati: “Portadas del periodo románico y del de transición al ojival”, pp. 6-17.20aMonasterio de Santa María de Zamarce9111582 7aNavarrazUharte Arakil 0aFotografías de monumentos9111580 jFot-26 3Fot-26uhttps://archivoybiblioteca.realacademiabellasartessanfernando.com/cgi-bin/koha/opac-retrieve-file.pl?id=c722e6a070aab4bbf478fbaf47393274 2ddccFOTOGRAFÍAn0 00102ddc40708FOTOGRAFIAaRABASFbRABASFcDP2d2025-03-14l0oFot-26p1095009r2025-03-14 10:24:08w2025-03-14yFOTOGRAFÍA c84158d84158